[Event "Biel HTO 53rd"]
[Site "Biel"]
[Date "2020.07.23"]
[Round "4"]
[White "Courjal, Juliette"]
[Black "Briand, Amaury"]
[Result "0-1"]
[WhiteElo "1388"]
[BlackElo "1929"]
[PlyCount "116"]
[EventDate "2020.07.20"]
[EventType "swiss"]
[EventRounds "9"]
[EventCountry "SUI"]
[SourceTitle "CBM 197"]
[Source "ChessBase"]
[SourceDate "2020.07.27"]
[SourceVersion "1"]
[SourceVersionDate "2020.07.27"]
[SourceQuality "1"]

1. e4 e5 2. Nf3 Nc6 3. d4 exd4 4. c3 dxc3 5. Nxc3 d6 6. Bc4 Nf6 7. Qb3 Qd7 8. Ng5 Ne5 9. Bb5 c6 10. f4 Neg4 11. Bc4 d5 12. exd5 Bc5 13. dxc6 Qe7+ 14. Ne2 0-0 15. Bd2 Bf2+ 16. Kf1 Bc5 17. h3 Nf2 18. Rh2 h6 19. Nf3 bxc6 20. Ne5 N2e4 21. Rd1 Nd6 22. Ng6 Qc7 23. Nxf8 Nxc4 24. Qxc4 Bxf8 25. Bc3 Nd5 26. Qd4 Ba6 27. g3 Re8 28. Re1 Ne3+ 29. Kg1 Nc2 30. Qd1 Nxe1 31. Bxe1 Qe7 32. Kf1 Qe3 33. Rg2 Qf3+ 34. Kg1 Bxe2 35. Qd4 Bf1 36. Rf2 Qxg3+ 37. Kxf1 Qxh3+ 38. Rg2 Rxe1+ 39. Kxe1 Qxg2 40. a3 h5 41. f5 Qg3+ 42. Kd2 h4 43. f6 Qd6 44. Qxd6 Bxd6 45. fxg7 h3 46. b4 h2 47. b5 cxb5 48. a4 bxa4 49. Kd3 h1Q 50. Kc4 a3 51. Kb5 a2 52. Kc4 a1R 53. Kb5 Qb7+ 54. Kc4 Qb4+ 55. Kd5 Ra5+ 56. Kc6 Qc5+ 57. Kd7 Qc7+ 58. Ke8 Re5# 0-1

[Event "FRA-ch Blitz Online Qual"]
[Site "Europe Echecs INT"]
[Date "2020.05.16"]
[Round "6"]
[White "Courjal, Juliette"]
[Black "Cornileau, Juliette"]
[Result "0-1"]
[WhiteElo "1388"]
[BlackElo "1872"]
[PlyCount "38"]
[EventDate "2020.05.16"]
[EventType "swiss (blitz)"]
[EventRounds "15"]
[EventCountry "FRA"]
[SourceTitle "CBM 196 Extra"]
[Source "ChessBase"]
[SourceDate "2020.07.31"]
[SourceVersion "1"]
[SourceVersionDate "2020.07.31"]
[SourceQuality "1"]

1. e4 c5 2. Nc3 Nc6 3. g3 g6 4. Bg2 Bg7 5. d3 e6 6. f4 Nge7 7. Nf3 0-0 8. 0-0 d5 9. g4 dxe4 10. dxe4 Nd4 11. Ne2 b6 12. Ng3 Ba6 13. Rf2 Nxf3+ 14. Rxf3 Qxd1+ 15. Bf1 Qxf3 16. Bxa6 Rad8 17. Bd2 Rxd2 18. Bf1 Qf2+ 19. Kh1 Qxh2# 0-1